Section de supporters du LOSC - Statistiques

Statistiques générales
  • Ce quiz a été pris 35 fois
  • Le résultat moyen est 5 sur 21
Statistiques - réponses
Réponse % Correct
Dogues Virage Est
93%
Go Rijsel Spirit
70%
Section Linselles
50%
Dogues de Paris
47%
Dogues du Pas-de-Calais
43%
Dogues du Vieux Lille
40%
Les Dogarnis
37%
Dogues d'Honneur
27%
Le Chagnot
27%
Dogues Pompons
20%
Dogues Audomarois
17%
Dogues de l'Ouest
17%
Dogues du Net
17%
Dogues de l'Acacia
7%
Dogues du Rhône
7%
En Avant le LOSC
7%
Les Doggies
7%
Y'est D'dins
7%
100% Dogues
3%
Dogues d'Alsace
3%
Dogues F.C
3%
Aucun quiz correspondant
Distribution des résultats
% des personnes avec chaque résultat
Percentile par nombre de réponses
Votre historique - résultats
Vous n’avez pas pris ce quiz